दिगभ्रमित राष्ट्रकवि (Record no. 317580)
[ view plain ]
| 000 -LEADER | |
|---|---|
| fixed length control field | 00866nam a2200229Ia 4500 |
| 003 - CONTROL NUMBER IDENTIFIER | |
| control field | OSt |
| 005 - DATE AND TIME OF LATEST TRANSACTION | |
| control field | 20220923213559.0 |
| 008 - FIXED-LENGTH DATA ELEMENTS--GENERAL INFORMATION | |
| fixed length control field | 220922b |||||||| |||| 00| 0 hin d |
| 037 ## - SOURCE OF ACQUISITION | |
| Terms of availability | Textual |
| 040 ## - CATALOGING SOURCE | |
| Original cataloging agency | ARTS |
| Transcribing agency | ARTS |
| Language of cataloging | hin |
| 041 ## - LANGUAGE CODE | |
| Source of code | hin |
| Language code of text/sound track or separate title | hin |
| 100 ## - MAIN ENTRY--PERSONAL NAME | |
| Personal name | शर्मा, कामेश्वर |
| 245 #0 - TITLE STATEMENT | |
| Title | दिगभ्रमित राष्ट्रकवि |
| Remainder of title | दिनकर के सम्पूण काव्य की विश्लेषणात्मक समीक्षा |
| 246 ## - VARYING FORM OF TITLE | |
| Title proper/short title | Digabhramit rāṣhṭrakavi: dinakar ke sampūṇ kāvya kī vishleṣhaṇātmak samīkṣhā |
| 260 ## - PUBLICATION, DISTRIBUTION, ETC. | |
| Date of publication, distribution, etc. | 1952 |
| 942 ## - ADDED ENTRY ELEMENTS (KOHA) | |
| Classification part | O152:1N08:9, J2 |
| Koha item type | Textual |
| Source of classification or shelving scheme | Colon Classification (CC) |
| Withdrawn status | Lost status | Damaged status | Not for loan | Home library | Current library | Date acquired | Total Checkouts | Full call number | Barcode | Date last seen | Price effective from | Koha item type |
|---|---|---|---|---|---|---|---|---|---|---|---|---|
| Arts Library | Arts Library | 2022-09-23 | O152:1N08:9 J2 | AL0077571 | 2022-09-23 | 2022-09-23 | Textual |
